000 00787nam a2200241 i 4500
001 5707
003 ES-MaACL
005 20230906144652.0
007 t|
008 890424s1983 sp ||||1| spa d
020 _a84-7162-915-1
080 _a347.736(46):331.1
080 _a331.1:347.736(46)
100 1 _aMajada, Arturo.
_975639
245 1 0 _aPractica concursal
_b: (concurso de acreedores, suspension de pagos, quiebra, derechos de los trabajadores) : textos legales, comentarios... /
_cArturo Majada.
250 _a1a ed.
260 _aBarcelona :
_bBosch,
_c1983.
300 _aXVI, 880 p. ;
_c24 cm.
500 _aBibliografia.
500 _aIndices.
650 4 _aProcedimiento civil-
_zEspaƱa-
_vLegislación.
_916422
852 _aES-MaACL
_jL-12603
_bR.115661
_z. - piel
999 _c5707
_d5707